000 00719nam a22002177a 4500
003 0
005 20250908114027.0
008 250908b xxu||||| |||| 00| 0 eng d
020 _a978-1-98469-598-7
050 _aQA 531
_b.P69 2025
100 _aPowell, Jackson,
_eauthor.
245 _aPrecalculus and trigonometry /
_cJackson Powell.
260 _aNew York, NY :
_b3G E-Learning LLC,
_c2025.
300 _axviii, 251 pages :
_bcolored illustrations ;
_c26 cm.
504 _aIncludes bibliographical references and index.
650 _aPrecalculus
_xTextbooks.
650 _aTrigonometry
_xTextbooks.
650 _aMathematics
_xStudy and teaching (Higher).
650 _aFunctions
_xMathematics.
942 _2lcc
_cBK
999 _c367816
_d367816